000 01132nam a2200205Ia 4500
003 Ost
005 20260507075724.0
008 260507s9999||||xx |||||||||||||| ||und||
020 _a3275327977
040 _cfsecg
041 _aara
082 _a306.3
100 _aالضبع، عبد الرؤوف
_eمؤلف
245 0 _aعلم الاجتماع الاقتصادي /
_c عبد الرؤوف الضبع
260 _aالاسكندرية:
_bدار الوفاء,
_c2004
300 _a243 صفحة؛
_bإيضاحات ؛
_c24 سم
520 _aالتحولات الاقتصادية النعاصرة في مصر،البطالة ومشكلات الشباب،مشروع توشكي وإشباعه لإحتياجات الشباب،التمايز المهني بين المردود الاقتصادي والمكانة الإجتماعية،السياسات الإقتصادية وانعكاساتها على الأسرة المصرية في الريف والحضر،القيم وعلاقاتها بالإنجاز في التنظيمات الصناعية
653 _aالاجتماع الاقتصادي، علم
942 _cكتاب
999 _c45957
_d45957